[Event "40th IND-chT Open 2020"]
[Site "Ahmedabad"]
[Date "2020.02.07"]
[Round "1.23"]
[White "Laxman, R.R."]
[Black "Roshin Romario"]
[Result "1-0"]
[WhiteElo "2432"]
[BlackElo "1592"]
[Annotator "TA"]
[PlyCount "59"]
[EventDate "2020.02.05"]
[EventCountry "IND"]
[SourceTitle "playchess.com"]
[Source "ChessBase"]
[SourceQuality "1"]

{[%evp 18,59,31,8,52,49,62,58,74,73,77,65,102,47,72,69,104,45,98,77,108,62,119,124,120,118,139,141,162,162,195,77,274,252,302,304,522,508,529,511,529,516,534,545]} 1. d4 Nf6 2. Nf3 g6 3. g3 Bg7 4. Bg2 O-O 5. O-O d6 6. Re1 Nbd7 7. e4 e5 8. Nc3 Re8 9. h3 c6 10. a4 {[%cal Ba2a4,Ba4a5][%mdl 32]} Qe7 {[#] B07: Pirc Defence: Miscellaneous Systems.} 11. a5 $146 ({Predecessor:} 11. Be3 b6 12. d5 c5 13. a5 Rb8 14. axb6 axb6 15. Nb5 Nf8 16. Nd2 Bd7 17. Na7 {1-0 (45) Weber,U (2327)-Szyszylo,R (2218) playchess.com INT 2003}) 11... Nf8 12. Be3 h6 {White is slightly better.} 13. Qd2 Kh7 14. Red1 Ne6 15. d5 (15. dxe5 $16 dxe5 16. Nxe5) 15... cxd5 16. exd5 Nc5 17. Nb5 (17. Bxc5 $16 {aiming for Bb4.} dxc5 18. Qe3) 17... Qd7 (17... a6 $14 18. Nc3 Nfe4 19. Nxe4 Nxe4) 18. Qe2 a6 19. Nc3 Qc7 (19... Nfe4 $14) 20. Nd2 $16 Rb8 21. Nc4 Ncd7 22. Na4 Ng8 {[#]} 23. Ra3 $1 f5 {[#]} 24. Nab6 (24. Rc3 $1 $18 {has better winning chances.}) 24... Rf8 $2 (24... Nxb6 $16 25. Bxb6 (25. axb6 Qe7 $14) 25... Qe7) 25. Rc3 {Black must now prevent Nxe5!} e4 {[#]} 26. Ne5 $1 {[%mdl 512]} Qd8 $2 (26... Qxc3 {was called for.} 27. bxc3 Nxe5) (26... dxe5 27. Rxc7) 27. Rxc8 $18 {[%mdl 64] Remove Defender. White is clearly winning.} Rxc8 28. Nexd7 Re8 {Now ...Rc7 and Black clings on.} 29. Nxc8 Qxc8 30. Nb6 {Accuracy: White = 74%, Black = 41%.} 1-0

[Event "40th IND-chT Open 2020"]
[Site "Ahmedabad"]
[Date "2020.02.07"]
[Round "1.24"]
[White "Raghvendra Kumar Mishra"]
[Black "Das, Arghyadip"]
[Result "0-1"]
[WhiteElo "1608"]
[BlackElo "2458"]
[Annotator "TA"]
[PlyCount "58"]
[EventDate "2020.02.05"]
[EventCountry "IND"]
[SourceTitle "playchess.com"]
[Source "ChessBase"]
[SourceQuality "1"]

{[%evp 9,58,-22,-18,-50,-27,-35,-20,-53,-46,-45,-38,-81,-68,-85,-68,-111,-114,-123,-125,-149,-152,-205,-197,-319,-281,-297,-311,-308,-296,-373,-235,-461,-456,-456,-449,-1030,-1033,-910,-864,-1515,-1141,-1100,-1072,-1162,-1104,-1179,-1155,-1151,-1156,-1066,-1064]} 1. e4 c5 2. Nc3 a6 3. a4 e6 4. f4 d5 5. Nf3 Nc6 6. e5 {B23: Closed Sicilian: Lines without g3.} Nh6 7. d3 Be7 {[#]} 8. Bd2 $146 {The position is equal.} ({Predecessor:} 8. g3 Nf5 9. Bg2 h5 10. O-O g6 11. Ne2 Kf8 12. h3 Kg7 13. g4 hxg4 14. hxg4 {0-1 (52) Hlavsa,F (1843)-Samborski,H (2082) Pardubice 2019}) 8... O-O 9. g3 f6 10. Bg2 fxe5 11. fxe5 Nf7 12. Qe2 Nd4 13. Nxd4 cxd4 14. Na2 Qc7 15. O-O-O (15. O-O $17) 15... Bd7 $19 ({Resist} 15... Nxe5 16. Rhf1 $17) ({Don't do} 15... Qxe5 16. Rde1 $17) 16. Bf4 (16. Kb1 $142) 16... Bxa4 {And now ...Rac8 would win.} 17. Kb1 Rac8 18. b3 Qb6 19. Bh3 Ba3 {aiming for ...Rxc2!} 20. Bc1 $2 {[#]} (20. Ka1) 20... Rxc2 $1 {[%mdl 576] Remove Defender. Black is clearly winning.} 21. Qxc2 (21. Kxc2 Qxb3+) 21... Bxb3 22. Bxa3 (22. Qg2 $142 Bxd1+ {[%mdl 64] Discovered Attack} 23. Ka1 Bxc1 24. Rxd1) 22... Bxc2+ 23. Ka1 Bxd1 24. Rxd1 Re8 25. Rb1 Qc7 26. Bb2 Qxe5 27. Nc1 Qh5 28. Bf1 Qd1 29. Na2 Qa4 {Accuracy: White = 35%, Black = 77%.} 0-1